000 00617nam a2200229Ia 4500
003 OSt
005 20220918230058.0
006 a|||||r|||| 00| 0
007 ta
008 220917b |||||||| |||| 00| 0 eng d
024 _a248,200
037 _cTextual
040 _aARTS
_cARTS
_beng
041 _2eng
_aeng
082 _aXM5(Z2.N56), K21.1
100 _aPandia Ranjitlal H.
_9151836
245 0 _aCompanies act, 1956
260 _aBombay
_bN.M. Tripathi India
_c1962
650 _aECONOMICS
942 _hXM5(Z2.N56), K21.1
_cTEXL
_2CC
999 _c286993
_d286993